| 000 | 00821nas a2200217 454500 | ||
|---|---|---|---|
| 001 | 26672 | ||
| 005 | 20260407193507.0 | ||
| 008 | 260407s1988####ag###########|||spa#d | ||
| 003 | AR-UNSa-BCEJYS | ||
| 040 |
_aAR-UNSa-BCEJYS _bspa _cAR-UNSa-BCEJYS |
||
| 080 |
_a34 _xDerecho |
||
| 245 | 1 | 0 | _aCuadernos de investigaciones |
| 264 | 1 |
_aBuenos Aires : _bUniversidad de Buenos Aires _c1988 |
|
| 942 | _cSER | ||
| 590 | _aniveau_biblio:s niveau_hierar:1 | ||
| 100 | 1 | _aUniversidad de Buenos Aires. Facultad de Derecho y Ciencias Sociales. Instituto de Investigaciones JurÃdicas y Sociales "Ambrosio L. Gioja" | |
| 650 | _aDerecho constitucional | ||
| 650 | _aDerecho | ||
| 650 | _aJURISPRUDENCIA | ||
| 856 | 4 | 1 |
_uhttps://biblioeco.unsa.edu.ar/pmb/images/revistas/Cuadernos de Investigacion-r12909.jpg _yImagen de portada _qimage/jpeg |
| 999 |
_c8612 _d8612 |
||